The high school teacher and his job ; a symposium.

Bibliographic Details
Main Author: Zeran, Franklin R. (Franklin Royalton), 1906-
Format: Book
Language:English
Published: New York : Chartwell House, 1953.
Subjects:

MARC

Tag First Indicator Second Indicator Subfields
LEADER 00000cam a2200000 4500
001 in00000075306
005 20151008052623.0
008 770801s1953 nyu b 00000 eng
010 |a  53004008  
035 |a (OCoLC)03152843 
035 |9 AAH4155AM 
040 |a DLC  |c OCP  |d TXA  |d UtOrBLW 
049 |a TXAM  |c [225668] 
050 0 |a LB1737.A3  |b Z4 
082 0 |a 371.1082 
092 |a 371.1  |b Z58h 
100 1 |a Zeran, Franklin R.  |q (Franklin Royalton),  |d 1906- 
245 1 4 |a The high school teacher and his job ;  |b a symposium. 
264 1 |a New York :  |b Chartwell House,  |c 1953. 
300 |a 282 pages ;  |c 22 cm. 
336 |a text  |b txt  |2 rdacontent 
337 |a unmediated  |b n  |2 rdamedia 
338 |a volume  |b nc  |2 rdacarrier 
504 |a Includes bibliographies. 
650 0 |a Teaching. 
999 |a MARS 
999 f f |s 1bf535aa-2898-3798-aad7-4070f0cf0af3  |i d62e5c1d-b7c0-3b68-bfe1-7ecc5a3a25df  |t 0 
952 f f |p normal  |a Texas A&M University  |b College Station  |c Sterling C. Evans Library  |d Evans: Library Stacks  |t 0  |e LB1737.A3 Z4  |h Library of Congress classification  |i unmediated -- volume  |m A14800830444 
998 f f |a LB1737.A3 Z4  |t 0  |l Evans: Library Stacks